| 000 -LEADER |
| fixed length control field |
01294cas a2200397 a 4500 |
| 001 - CONTROL NUMBER |
| control field |
11401746 |
| 003 - CONTROL NUMBER IDENTIFIER |
| control field |
NUST |
| 005 - DATE AND TIME OF LATEST TRANSACTION |
| control field |
20191130125307.0 |
| 007 - PHYSICAL DESCRIPTION FIXED FIELD--GENERAL INFORMATION |
| fixed length control field |
t| |
| 008 - FIXED-LENGTH DATA ELEMENTS--GENERAL INFORMATION |
| fixed length control field |
910226c19919999gauar 0 a0eng c |
| 010 ## - LIBRARY OF CONGRESS CONTROL NUMBER |
| LC control number |
92641672 |
| Canceled/invalid LC control number |
sn 91001814 |
| 022 0# - INTERNATIONAL STANDARD SERIAL NUMBER |
| International Standard Serial Number |
1055-3584 |
| ISSN-L |
1055-3584 |
| Source |
1 |
| 035 ## - SYSTEM CONTROL NUMBER |
| System control number |
(OCoLC)ocm23158330 |
| 038 ## - RECORD CONTENT LICENSOR |
| Staff Name |
waseem |
| 040 ## - CATALOGING SOURCE |
| Original cataloging agency |
NSDP |
| Transcribing agency |
NSDP |
| Modifying agency |
DLC |
| -- |
NSDP |
| -- |
DLC |
| -- |
NST |
| -- |
OCoLC |
| 042 ## - AUTHENTICATION CODE |
| Authentication code |
nsdp |
| -- |
pcc |
| 050 00 - LIBRARY OF CONGRESS CALL NUMBER |
| Classification number |
HG4538 |
| Item number |
.S494 |
| 082 00 - DEWEY DECIMAL CLASSIFICATION NUMBER |
| Classification number |
338.8805 |
| Author Mark |
SIT |
| 210 0# - ABBREVIATED TITLE |
| Abbreviated title |
SITE world |
| 222 #0 - KEY TITLE |
| Key title |
SITE world |
| 245 00 - TITLE STATEMENT |
| Title |
Site world : |
| Remainder of title |
the book of corporate global strategies. |
| 260 ## - PUBLICATION, DISTRIBUTION, ETC. |
| Place of publication, distribution, etc. |
Norcross, Ga. : |
| Name of publisher, distributor, etc. |
Conway Data, |
| Date of publication, distribution, etc. |
c1991- |
| 265 ## - SOURCE FOR ACQUISITION/SUBSCRIPTION ADDRESS [OBSOLETE] |
| Source for acquisition/subscription address [OBSOLETE] |
Conway Data, Inc., 40 Technology Park Atlanta, Norcross, GA 30092 |
| 300 ## - PHYSICAL DESCRIPTION |
| Extent |
v. : |
| Other physical details |
ill. ; |
| Dimensions |
29 cm. |
| 310 ## - CURRENT PUBLICATION FREQUENCY |
| Current publication frequency |
Annual |
| 362 0# - DATES OF PUBLICATION AND/OR SEQUENTIAL DESIGNATION |
| Dates of publication and/or sequential designation |
[Vol. 1 (1991)]- |
| 515 ## - NUMBERING PECULIARITIES NOTE |
| Numbering peculiarities note |
First issue published without numeric or chronological designation. |
| 590 ## - LOCAL NOTE (RLIN) |
| Local note |
SERBIB/SERLOC merged record |
| 650 #0 - SUBJECT ADDED ENTRY--TOPICAL TERM |
| Topical term or geographic name entry element |
Investments, Foreign |
| Form subdivision |
Periodicals. |
| 9 (RLIN) |
26324 |
| 650 #0 - SUBJECT ADDED ENTRY--TOPICAL TERM |
| Topical term or geographic name entry element |
International business enterprises |
| Form subdivision |
Periodicals. |
| 9 (RLIN) |
26325 |
| 650 #0 - SUBJECT ADDED ENTRY--TOPICAL TERM |
| Topical term or geographic name entry element |
Economic history |
| Chronological subdivision |
1990- |
| Form subdivision |
Periodicals. |
| 9 (RLIN) |
26326 |
| 710 2# - ADDED ENTRY--CORPORATE NAME |
| Corporate name or jurisdiction name as entry element |
Conway Data, Inc. |
| 9 (RLIN) |
26327 |
| 906 ## - LOCAL DATA ELEMENT F, LDF (RLIN) |
| a |
7 |
| b |
cbc |
| c |
serials |
| d |
2 |
| e |
ncip |
| f |
19 |
| g |
n-oclcserc |
| 942 ## - ADDED ENTRY ELEMENTS (KOHA) |
| Source of classification or shelving scheme |
|
| Koha item type |
Book |